| 000 | 00747nam a2200229 a 4500 | ||
|---|---|---|---|
| 005 | 20210223123646.0 | ||
| 008 | 991125s1977 es 000 0 spa u | ||
| 020 | _a8425207002 | ||
| 035 | _aUPN01000057633 | ||
| 049 | _aCG | ||
| 050 | 4 |
_aND688.5 _bT3.98 |
|
| 100 | 1 | _aTarabukin, Nikolai | |
| 245 | 1 | 3 |
_aEl último cuadro / _cNikolai Tarabukin ; ed. Andrei B. Nakov ; tr. de Rosa Feliu. |
| 260 |
_aBarcelona, Esp. : _bG. Gili, _c1977. |
||
| 300 |
_a168 p. : _bil. |
||
| 440 | 0 | _aPunto y línea | |
| 505 | 8 | _aContenido: Del caballete a la maquinaria -- Por una teoría de la pintura | |
| 650 | 4 |
_aCONSTRUCTIVISMO (ARTE) - _zRUSIA _910401 |
|
| 650 | 4 |
_aPINTURA MODERNA - _ySIGLO XX _910402 |
|
| 700 | 1 |
_aNakov, Andrei B., _eed. |
|
| 905 | _aLibro | ||
| 999 |
_c57633 _d57633 |
||